JRE-IKST-013の採用駅 - Statistics

General Stats
  • This quiz has been taken 8 times
  • The average score is 22 of 25
Answer Stats
Answer % Correct
品川
100%
東京
100%
上野
100%
水戸
100%
いわき
100%
三河島
86%
南千住
86%
松戸
86%
86%
取手
86%
藤代
86%
ひたち野うしく
86%
高浜
86%
羽鳥
86%
内原
86%
赤塚
86%
勝田
86%
佐和
86%
東海
86%
南中郷
86%
勿来
86%
植田
86%
86%
内郷
86%
大津港
71%
No matching quizzes found
Score Distribution
Percent of People with Each Score
Percentile by Number Answered
Your Score History
You have not taken this quiz